000
00296nam a22001337a 4500
008
180110b xxu||||| |||| 00| 0 eng d
020
_a
0919566715
041
_a
eng
080
_a
371
100
_a
46
101
_a
EDU
245
_a
Reading, Writing & Language
_c
Mccracken, R
942
_2
udc
_c
BK
999
_c
40043
_d
40043